000 00659nab a2200181 4500
001 244442
003 OSt
005 20231017122608.0
007 tu
008 200917s2020|||||||
040 _aDE-2950
_cDE-2950
245 0 0 _aFrankfurts jüdische Gemeinde erlebt emotionalen Abend
_bIsrael. Der Terror-Krieg der Hamas bewegt auch in Frankfurt (Oder). Bei ihrer Lesung am Dienstag kämpfte die geladene Autorin aus Tel Aviv mit den Tränen/
_cVanessa Kasprick
264 _c2023
653 _aFrankfurt (Oder)
653 _aJüdische Gemeinde
773 0 _g34. Jahrgang (2023) Nr. 239 vom 13.10.2023, S. 13, mit Foto
_tMärkische Oderzeitung
942 _2z
_cA
999 _c372770
_d372770